000 01087naa a22002057i 4500
003 KOSZ 005
005 20180207153621.0
008 160308s2011 pl ||||| ||||1|| 0 eng
035 _aPBN-R:250449
040 _cKOSZ 005/md
_aPBN-ID
041 0 _aeng
100 _aBOHDAL, Tadeusz.
_d1996 - .
_bPolitechnika Koszalińska - Wydział Mechaniczny,
_cKatedra Techniki Cieplnej i Chłodnictwa
245 1 0 _aAn investigation of condensation of refrigerants in compact heat exchangers /
_cTadeusz Bohdal, Paweł Kruczyński, Małgorzata Sikora.
260 _c2011.
655 0 _aMateriały konferencyjne.
700 _aSIKORA, Małgorzata.
_d2011 - .
_bPolitechnika Koszalińska - Wydział Mechaniczny,
_cKatedra Techniki Cieplnej i Chłodnictwa
773 0 8 _iW :
_tSymposium and IX Workshop : Modelling of Multiphase Flows in Thermo-Chemical Systems. T. 1. -
_dGdańsk : Instytut Maszyn Przepływowych PAN, 2011. -
711 _aSymposium and Workshop Modelling of Multiphase Flows in Thermo-Chemical Systems
_n(9 ;
_d2011 ;
_cGdańsk - Wieżyca, Polska).
942 _cROZ
_2UKD
999 _c8044
_d8044